| 000 | 01001cam a2200301 a 4500 | ||
|---|---|---|---|
| 999 |
_c6609 _d6609 |
||
| 001 | 19511789 | ||
| 003 | OCoLC | ||
| 005 | 20190117165532.0 | ||
| 008 | 890315s1989 vaua b 001 0 eng | ||
| 010 | _a89004450 //r942 | ||
| 020 | _a0809464454 | ||
| 020 | _a0809464462 (lib. bdg.) | ||
| 040 |
_aDLC _cDLC |
||
| 050 | 0 | 0 |
_aG400 _b.V69 1989 |
| 082 | _aREF 940.2 | ||
| 245 | 0 | 0 |
_aVoyages of discovery : _btimeFrame AD 1400-1500 / _cby the editors of Time-Life Books |
| 260 |
_aAlexandria, Va. : _bTime-Life Books, _cc1989 |
||
| 300 |
_a171 p. : _bcol. ill. ; _c29 cm |
||
| 490 | 1 | _aTime frame | |
| 500 | _aIncludes index | ||
| 504 | _aBibliography: p. 171 | ||
| 505 | 0 | _aThe ocean adventurers--The Italian Renaissance--The fall of Constantinople--Bohemia's holy wars--The last great Hindu empire--Lost empires of the Americas | |
| 650 | 0 | _aDiscoveries in geography. | |
| 650 | 0 |
_aGeography _vEarly works to 1800. |
|
| 710 | 2 | _aTime-Life Books. | |
| 830 | 0 | _aTime frame. | |
| 942 |
_2ddc _cREF |
||